Music Quiz

Random Music or Bands Quiz

Bands According to a Four-Year-Old Quiz Stats

 Plays Quiz not verified by Sporcle

Score 0/20 Timer 02:00
0 Plays Today
Misspelled Name Band % Correct
Da BeetlsThe Beatles
98.2%
Peenk FloidPink Floyd
96.9%
KweenQueen
96.8%
Beestee BoyzBeastie Boys
94.2%
JurneeJourney
93.2%
Jimmee Eet WurldJimmy Eat World
92.8%
Da HooThe Who
92.4%
Mi Kemikal RowmansMy Chemical Romance
92.1%
KreemCream
90.7%
Da PoleesThe Police
89.1%
Misspelled Name Band % Correct
FeeniksPhoenix
86.3%
PoysenPoison
85.7%
SticksStyx
82%
PairamoorParamore
78%
Linird SkinirdLynyrd Skynyrd
76.1%
Motlee CruMotley Crue
75.8%
Da Jimee Hendriks EkspeereenzThe Jimi Hendrix Experience
74.2%
MyooseMuse
72.9%
EvinesensEvanescence
71.5%
Da Mytee Mytee BostoensThe Mighty Mighty Bosstones
47.6%

You're not logged in!

Compare scores with friends on all Sporcle quizzes.
OR
Log In

Show Comments

Extras

Top Quizzes Today


Score Distribution

Your Account Isn't Verified!

In order to create a playlist on Sporcle, you need to verify the email address you used during registration. Go to your Sporcle Settings to finish the process.

Report this User

Report this user for behavior that violates our Community Guidelines.

Details: